Zborník Filozofickej fakulty Univerzity Komenského Marxizmus-leninizmus

Bibliographic Details
Format: Journal
Language:Slovak
PhysicalDescription:zv.
Published: Bratislava Slovenské pedagogické nakladateľstvo 1962-1970
ISSN:0083-4149
Subjects:

MARC

LEADER 00000cas a2200000 a 4500
001 vtls010454994
003 SK-MaSNL
005 20260228161210.0
008 121002d19621970xo zx|p 0 b0slo
022 |a 0083-4149 
040 |a SNK  |b slo  |c SNK  |e AACR2 
041 0 |a slo 
044 |a xo  |c SK 
072 7 |a 14  |x Filozofické systémy a hľadiská  |2 konspekt 
072 7 |a 378  |x Vysoké školy  |2 konspekt 
080 |a 141.82:329.15  |2 2001 
080 |a 378.4  |2 2011 
080 |a 050  |2 2001 
080 |a (073)  |2 2011 
210 0 |a Zb. Filoz. fak. Univ. Komenského, Marx.-lenin. 
222 0 |a Zborník Filozofickej fakulty Univerzity Komenského. Marxizmus-leninizmus 
245 0 0 |a Zborník Filozofickej fakulty Univerzity Komenského  |p Marxizmus-leninizmus 
260 |a Bratislava  |b Slovenské pedagogické nakladateľstvo  |e Bratislava  |f Tlačiarenské závody Pravda  |c 1962-1970 
300 |a zv. 
310 |a Nepravidelne 
362 0 |a 13=1 (1962)-7 (1970) 
650 0 7 |a marxizmus-leninizmus  |2 SNKPH  |9 2161 
650 0 7 |a univerzity  |2 SNKPH  |9 22152 
655 7 |a študijné programy  |2 SNKPH  |9 265409 
910 |a snk 
999 |c 4637  |d 6567 
952 |0 0  |1 0  |4 0  |7 0  |a SNK  |b SNK  |d 2012-10-02  |i snkKSP 6875/70  |l 0  |o snkČSC 1072/21/1970 D1  |p 17A1020352  |r 2026-02-21 20:30:53  |w 2026-02-21  |y PREZ 
952 |0 0  |1 0  |4 0  |7 0  |a SNK  |b SNK  |d 2019-01-30  |i snkKSP 1926/65  |l 0  |o snkčsc 1072/15[3]/1964 D1  |p 17A1314661  |r 2026-02-21 22:20:54  |w 2026-02-21  |y PREZ 
952 |0 0  |1 0  |4 0  |7 0  |a SNK  |b SNK  |d 2019-01-30  |i snkKSP 5632/66  |l 0  |o snkčsc 1072/16[4]/1965 D1  |p 17A1314660  |r 2026-02-21 22:21:08  |w 2026-02-21  |y PREZ 
952 |0 0  |1 0  |4 0  |7 0  |a SNK  |b SNK  |d 2019-07-22  |i snkKSP 4255/64  |l 0  |o snkčsc 1072/14[2]/1963 D1  |p 17A1315020  |r 2026-02-21 22:21:43  |w 2026-02-21  |y PREZ